[Event "Yingmei CHN-chT 2018"]
[Site "Guangdong"]
[Date "2018.11.28"]
[Round "20"]
[White "Andreikin, Dmitry"]
[Black "Lou, Yiping"]
[Result "1-0"]
[WhiteElo "2702"]
[BlackElo "2483"]
[Annotator "TA"]
[PlyCount "51"]
[EventDate "2018.07.09"]
[EventType "team-tourn"]
[EventCountry "CHN"]
[SourceTitle "playchess.com"]
[Source "ChessBase"]
[SourceQuality "1"]

{[%evp 15,51,0,9,-29,-29,-61,-37,-55,-64,-70,0,0,0,0,0,0,0,-12,1,0,0,0,262,266,325,332,399,367,595,583,594,589,571,575,779,716,751,737]} 1. Nf3 Nf6 2. d4 d5 3. c4 e6 4. e3 Nbd7 5. Nc3 c6 6. Qc2 Bd6 7. b3 O-O 8. Bb2 b6 9. O-O-O {D45: Semi-Slav: 5 e3} (9. Bd3 Bb7 10. O-O Rc8 11. Qe2 Re8 12. Rfd1 Qe7 13. cxd5 exd5 14. Rac1 Rcd8 15. Bf5 Bb8 16. Bh3 g6 17. g3 Nh5 18. Ne1 {½-½ (30) Fedoseev,V (2664)-Wen,Y (2609) Moscow 2016}) 9... Bb7 10. e4 dxe4 11. Nxe4 {Black is slightly better.} Nxe4 12. Qxe4 {[#]} Qe7 (12... b5 $1 $15 {[%mdl 512]}) 13. c5 $146 {[%mdl 128] White is up to no good.} ({Predecessor:} 13. Bd3 f5 14. Qh4 Qxh4 15. Nxh4 Rae8 16. Nf3 c5 {1-0 (49) Grigoryan,K (2304)-Bajarani,U (2395) Moscow 2010}) 13... Bc7 14. Bd3 {[%csl Gd3][%cal Re4h7]} Nf6 15. Qh4 {aiming for Bxh7+!} h6 16. Rhe1 a5 17. cxb6 Bxb6 18. g4 {[%cal Bg2g4,Bg4g5][%mdl 32]} c5 $2 {[%mdl 8192]} (18... Ba6 $11 {and Black has nothing to worry.}) 19. d5 $1 $18 {Threatens to win with g5.} Nxd5 {[#] ...Qxh4 is the strong threat.} ({Avoid the trap} 19... Bxd5 $2 20. g5 $18) 20. g5 $1 f5 21. Bc4 Nc7 $2 (21... Bd8 22. Bxd5 Bxd5 23. Rxd5 {[%mdl 64] Pin} hxg5) 22. gxh6 {[%mdl 64] Discovered Attack. White is clearly winning.} Qxh4 23. Nxh4 Rfd8 24. Nxf5 gxh6 25. Rg1+ Kf8 26. Bg7+ {[%mdl 64] Double Attack. Accuracy: White = 68%, Black = 30%.} 1-0

[Event "Yingmei CHN-chT 2018"]
[Site "Guangdong"]
[Date "2018.11.28"]
[Round "20"]
[White "Inarkiev, Ernesto"]
[Black "Bu, Xiangzhi"]
[Result "1/2-1/2"]
[WhiteElo "2691"]
[BlackElo "2712"]
[Annotator "TA"]
[PlyCount "125"]
[EventDate "2018.07.09"]
[EventType "team-tourn"]
[EventCountry "CHN"]
[SourceTitle "playchess.com"]
[Source "ChessBase"]
[SourceQuality "1"]

{[%evp 21,125,0,14,19,0,0,25,8,19,8,50,38,46,44,50,37,42,18,10,18,23,0,0,0,6,2,6,5,24,0,14,8,6,0,0,0,0,0,0,0,0,0,0,0,0,0,0,0,0,0,0,0,0,0,0,0,7,12,13,7,6,6,16,7,30,0,0,0,0,0,18,10,10,9,30,42,64,0,0,0,0,0,0,0,0,0,0,0,0,0,0,0,0,0,0,0,0,0,0,0,0,0,0,0,0,0]} 1. e4 e5 2. Nf3 Nf6 3. Nxe5 d6 4. Nf3 Nxe4 5. Nc3 Nxc3 6. dxc3 Be7 7. Be3 O-O 8. Qd2 Nd7 9. O-O-O c6 10. Bd3 d5 11. h4 {C42: Petroff Defence: 3 Nxe5 and unusual White 3rd moves} Nf6 {LiveBook: 3 Games} 12. Bg5 Re8 $146 ({Predecessor:} 12... Bg4 13. Rde1 Re8 14. Qf4 Qd6 15. Ne5 Be6 16. Re3 Nd7 17. Rhe1 Nxe5 18. Rxe5 Bf8 19. Bf6 h6 20. R1e3 g6 21. h5 Bg7 22. hxg6 fxg6 23. Qg3 Bxf6 24. Qxg6+ Bg7 25. Rf3 {1-0 (25) Sutovsky,E (2689)-Haba,P (2444) Austria 2018}) 13. Rde1 Be6 14. Nd4 Bd7 15. f3 Bf8 (15... h6 $5 {[%cal Rh6g5]}) 16. Rxe8 Bxe8 17. g4 Bd7 18. Bf5 Be8 19. h5 c5 20. Ne2 Bc6 21. Ng3 Qc7 22. Bf4 Bd6 23. Bxd6 Qxd6 24. Rg1 Ne8 25. g5 Rd8 26. f4 d4 27. c4 b5 28. Bd3 bxc4 29. Bxc4 Bd5 30. Nf5 Qd7 31. Bxd5 Qxf5 32. Bc4 Nd6 33. Bd3 Qe6 34. b3 c4 35. Re1 Qd5 36. Re5 Qh1+ 37. Re1 Qd5 38. Re5 Qc6 39. bxc4 Nxc4 40. Bxc4 Qxc4 $11 {[%mdl 4096] Endgame KQR-KQR} 41. Qe2 Qc8 42. Qd3 Qc6 43. Qb5 (43. Qe4 $5 {[%cal Re4c6]} Qa4 44. h6 $14) 43... Qh1+ 44. Kb2 {[#] Threatening mate with Re8+.} Qa8 {Hoping for ...Rb8.} 45. Qc4 Qb8+ 46. Qb3 Qd6 47. Qb5 Kf8 48. Qc5 h6 49. Kb3 ({White should try} 49. Kc1 $14) 49... d3 {The position is equal.} 50. cxd3 {And now d4 would win.} Qxc5 51. Rxc5 {Kc4 is the strong threat.} Rxd3+ {KR-KR} 52. Kb4 Rf3 53. Rc4 Rh3 54. Rc8+ Ke7 55. Rc7+ Ke6 56. gxh6 gxh6 57. Rc6+ Kf5 58. Rxh6 Kxf4 59. Rf6+ Ke5 60. Rxf7 Rxh5 61. Rxa7 {[#] Ra5+ would kill now.} Kd6 62. a4 Kc6 63. Ra6+ {Accuracy: White = 63%, Black = 73%.} 1/2-1/2

[Event "Yingmei CHN-chT 2018"]
[Site "Guangdong"]
[Date "2018.11.28"]
[Round "20"]
[White "Maghsoodloo, Parham"]
[Black "Lu, Shanglei"]
[Result "1/2-1/2"]
[WhiteElo "2689"]
[BlackElo "2635"]
[Annotator "TA"]
[PlyCount "62"]
[EventDate "2018.07.09"]
[EventType "team-tourn"]
[EventCountry "CHN"]
[SourceTitle "playchess.com"]
[Source "ChessBase"]
[SourceQuality "1"]

{[%evp 10,62,14,8,62,14,14,1,-6,0,0,3,13,0,11,10,20,35,19,-16,-13,-1,-12,-14,0,0,0,0,0,0,0,0,0,-4,0,0,0,0,0,0,0,0,10,0,0,0,0,0,0,0,0,0,0,-8,0]} 1. Nf3 Nf6 2. g3 b5 {[%cal Bb7b5,Bb5b4][%mdl 32]} 3. Bg2 Bb7 4. Na3 {[%cal Bb1a3,Ba3c4,Bc4e5][%mdl 32]} b4 5. Nc4 e6 6. O-O {LiveBook: 4 Games. A05: Réti Opening: 1 Nf3 Nf6} d5 $146 ({Black should play} 6... a5 $11) ({Predecessor:} 6... Be7 7. a3 a5 8. d3 d5 9. Nce5 Nbd7 10. c4 O-O 11. cxd5 Bxd5 {1-0 (42) Berkes,F (2706)-Fedorchuk,S (2635) Germany 2011}) 7. Nce5 {Ng5 is the strong threat.} Bd6 8. c4 bxc3 9. bxc3 Nbd7 10. Rb1 {[#] Hoping for Nxd7.} Nb6 11. c4 O-O 12. cxd5 Bxd5 13. Qc2 c5 14. d3 {The position is equal.} c4 15. dxc4 Rc8 16. Bg5 Bxe5 17. Nxe5 Bxg2 18. Kxg2 Nxc4 {[%mdl 64] [#] Remove Defender, Decoy} 19. Nxc4 Qd5+ {[%mdl 64] Double Attack} 20. f3 Qxg5 21. e4 h5 22. h4 Qc5 23. Rfc1 Rfd8 {aiming for ...Rd4.} 24. Qf2 Nd7 {[%cal Bf6d7,Bd7c5,Bc5d3][%mdl 32]} 25. Qxc5 Nxc5 26. Ne3 Nd3 27. Rxc8 Rxc8 28. Kf1 Rc3 29. Rb8+ Kh7 30. Rb3 Rxb3 31. axb3 g5 {Accuracy: White = 64%, Black = 71%.} 1/2-1/2

[Event "Yingmei CHN-chT 2018"]
[Site "Guangdong"]
[Date "2018.11.28"]
[Round "20"]
[White "Zhou, Jianchao"]
[Black "Vallejo Pons, Francisco"]
[Result "1/2-1/2"]
[WhiteElo "2625"]
[BlackElo "2713"]
[Annotator "TA"]
[PlyCount "60"]
[EventDate "2018.07.09"]
[EventType "team-tourn"]
[EventCountry "CHN"]
[SourceTitle "playchess.com"]
[Source "ChessBase"]
[SourceQuality "1"]

{[%evp 15,60,3,-12,-14,1,-25,-29,-40,-18,-22,-17,-23,-21,-42,-33,-41,-24,-33,-12,0,0,0,0,0,0,0,0,0,0,0,0,0,0,0,0,0,0,0,0,0,0,0,0,-8,0,0,0]} 1. d4 d5 2. Bf4 e6 3. e3 Nf6 4. Nd2 Bd6 5. Bg3 O-O 6. Ngf3 c5 7. c3 Qc7 8. Bd3 Nbd7 {LiveBook: 46 Games} 9. Qc2 {D02: 1 d4 d5 2 Nf3 sidelines, including 2...Nf6 3 g3 and 2...Nf6 3 Bf4} h6 (9... e5 10. dxe5 Nxe5 11. Nxe5 Bxe5 12. Nf3 Bxg3 13. hxg3 h6 14. c4 Be6 15. O-O Rfd8 16. Rac1 Rac8 17. cxd5 Nxd5 {½-½ (36) Vachier Lagrave,M (2779)-Dominguez Perez,L (2739) chess.com INT 2018}) 10. Rd1 $146 (10. Bxd6 {looks sharper.} Qxd6 11. O-O b6 12. Rfe1 Qc7 13. e4) ({Predecessor:} 10. O-O b6 11. Bxd6 Qxd6 12. Rad1 Bb7 13. Rfe1 Rac8 14. Qa4 Qc7 15. Nf1 Ne4 16. N3d2 Nd6 {1-0 (48) Chernyshov,K (2548)-Mamedjarova,Z (2262) Abu Dhabi 2005}) 10... Bxg3 11. hxg3 {Black has an edge.} e5 12. dxe5 Nxe5 13. Nxe5 Qxe5 14. Qa4 Bg4 15. Nf3 Qe6 16. O-O Rfd8 17. c4 {The position is equal.} d4 18. exd4 Bxf3 19. gxf3 Rxd4 20. Rfe1 Qb6 21. Qc2 Rad8 22. Bf1 Rxd1 (22... Qc6 {keeps more tension.} 23. f4 b6 24. Rxd4 Rxd4 25. Rd1 Qe4) 23. Rxd1 Rxd1 24. Qxd1 g5 ({Don't go for} 24... Qxb2 $2 25. Qd8+ Kh7 26. Bd3+ g6 27. Qf8 $18) 25. Qd2 Qc7 26. Qe3 b6 27. Bh3 Kg7 28. Bf5 Qd6 29. Kg2 Qc7 30. b3 Qd6 {Accuracy: White = 80%, Black = 71%.} 1/2-1/2

[Event "Yingmei CHN-chT 2018"]
[Site "Guangdong"]
[Date "2018.11.28"]
[Round "20"]
[White "Zhou, Weiqi"]
[Black "Ni, Hua"]
[Result "1/2-1/2"]
[WhiteElo "2597"]
[BlackElo "2676"]
[Annotator "TA"]
[PlyCount "62"]
[EventDate "2018.07.09"]
[EventType "team-tourn"]
[EventCountry "CHN"]
[SourceTitle "playchess.com"]
[Source "ChessBase"]
[SourceQuality "1"]

{[%evp 21,62,0,0,0,0,0,13,0,0,-10,-9,-15,-15,-10,0,0,0,0,0,0,0,0,0,0,0,0,0,-8,-8,-16,-16,-14,0,0,0,0,0,0,0,0,0,0,0]} 1. e4 c5 2. Nf3 Nc6 3. Nc3 g6 4. d4 cxd4 5. Nxd4 Bg7 6. Be3 Nf6 7. Be2 O-O 8. O-O d5 9. exd5 Nxd5 10. Nxd5 Qxd5 11. Nxc6 Qxc6 {The position is equal.} 12. c3 {B34: Sicilian: Accelerated Dragon with 5 Nc3: sidelines} Bf5 (12... Be6 13. Bf3 Qa6 14. Qc1 Rad8 15. Bc5 Bf6 16. Re1 b6 17. Be3 Bd5 18. Bh6 Rfe8 19. Be2 Qb7 {½-½ (47) Chocenka,D (2224)-Malisauskas,V (2431) Lithuania 2014}) 13. Bf3 Be4 14. Bxe4 Qxe4 15. Qe2 Rfd8 $146 ({Predecessor:} 15... b5 16. Rad1 Qe6 17. b3 a6 18. c4 Rfc8 19. Rc1 b4 {½-½ (36) Moesl,F (1902)-Navratil,R (2121) Neumarkt am Wallersee 2015}) 16. Rad1 Bh6 17. g3 Bxe3 (17... e5 {keeps more tension.} 18. Rfe1 Bxe3 19. Qxe3 Qxe3 20. fxe3 Rac8) 18. Qxe3 Qxe3 19. fxe3 $11 {[%mdl 4096] Endgame KRR-KRR} Rac8 20. Kf2 f5 21. e4 Kf7 22. Ke2 Kf6 23. Rxd8 Rxd8 {KR-KR} 24. g4 {[%cal Re4f5]} e6 25. gxf5 exf5 26. exf5 gxf5 27. Rf4 Re8+ 28. Kf2 Rd8 29. Ke2 Re8+ 30. Kf2 Rd8 31. Ke2 Ke5 {Accuracy: White = 59%, Black = 89%.} 1/2-1/2

[Event "Yingmei CHN-chT 2018"]
[Site "Guangdong"]
[Date "2018.11.28"]
[Round "20"]
[White "Gunina, Valentina"]
[Black "Zhang, Xiaowen"]
[Result "1-0"]
[WhiteElo "2561"]
[BlackElo "2180"]
[Annotator "TA"]
[PlyCount "99"]
[EventDate "2018.07.09"]
[EventType "team-tourn"]
[EventCountry "CHN"]
[SourceTitle "playchess.com"]
[Source "ChessBase"]
[SourceQuality "1"]

{[%evp 18,99,26,29,41,23,19,18,24,0,0,0,6,0,4,0,52,46,58,52,77,62,106,54,40,47,54,50,43,49,51,48,53,43,57,57,91,76,184,168,163,170,158,164,151,165,250,165,343,262,266,255,274,277,393,377,768,635,638,637,625,610,604,590,566,493,494,480,721,695,978,974,933,930,1106,1086,1024,1008,1045,1042,1152,1156,1127,1014]} 1. e4 e6 2. d4 d5 3. Nd2 c5 4. exd5 exd5 5. Ngf3 Nc6 6. Bb5 Qe7+ 7. Be2 Qc7 {C09: French Tarrasch: 3...c5 4 exd5 exd5 5 Ngf3 Nc6} 8. O-O Be6 9. Re1 Nf6 10. Bb5 {LiveBook: 3 Games} Be7 {[%cal Bf8e7,Be7c5,Bc5b6][%mdl 32]} 11. dxc5 (11. Bxc6+ $5 bxc6 12. Nb3 $11) 11... Bxc5 12. Nb3 Bb6 13. c4 dxc4 14. Bxc4 O-O 15. Bxe6 fxe6 {[#]} 16. Be3 $146 Ng4 (16... Bxe3 $11 17. Rxe3 Rad8) 17. Bxb6 $1 $14 Qxb6 18. Qe2 Nce5 19. Nbd4 (19. Nxe5 {is interesting.} Rxf2 20. Qxg4 Rf4+ 21. Kh1 Rxg4 22. Nxg4 a5 23. Rab1) 19... Rad8 {[#]} 20. Rad1 ({Don't play} 20. Nxe5 $6 Nxe5 21. Qxe5 Rxd4 $11) ({White should play} 20. h3 $1 $16 {[%cal Rh3g4]} Nxf3+ 21. Nxf3) 20... Rd5 21. h3 Nxf3+ 22. Nxf3 Nf6 23. Rc1 {[%cal Bd1c1,Bc1c4,Bc4b4,Bb4b7][%mdl 32]} Rd6 24. Rc4 Nd5 25. Qe5 h6 26. a3 Rf5 27. Qg3 Nf6 (27... Rf8 $16) 28. Rb4 Qa6 {[#]} 29. Rxb7 $1 {[%csl Gb7][%cal Rg3g7][%mdl 512]} Nh5 (29... Qxb7 30. Qxd6) 30. Rb8+ Kh7 31. Qg4 $40 {[%mdl 128] Hoping for Nh4. White wants a kill.} Qa5 (31... Nf6 $142 32. Qb4 Qd3) 32. Qe4 {Black must now prevent g4.} Nf6 $2 (32... Qd5 33. Qxd5 Rfxd5) 33. Qc2 Qd5 34. Qc8 Rxf3 35. gxf3 Qxf3 (35... Qg5+ $142 36. Kf1 Qf5 37. Qh8+ Kg6) 36. Qc2+ $18 g6 $2 (36... Qf5 37. Qxf5+ exf5) 37. Qc8 {[%csl Gb8][%cal Rc8h8] White is clearly winning.} g5 38. Qb7+ Qxb7 39. Rxb7+ {[%mdl 4096] Endgame KRR-KRN} Kg6 40. Rxa7 Nd5 41. Rd1 Rc6 42. b4 {[%cal Bb2b4,Bb4b5,Bb5b6,Bb6b7][%mdl 32]} Nf4 (42... Rc2 $142 43. Rb1 Nc3) 43. b5 Rc2 44. b6 Nxh3+ 45. Kf1 Rxf2+ 46. Ke1 Rb2 47. b7 Nf4 48. Rd8 Ng2+ 49. Kd1 Ne3+ 50. Kc1 {Accuracy: White = 61%, Black = 41%.} 1-0

[Event "Yingmei CHN-chT 2018"]
[Site "Guangdong"]
[Date "2018.11.28"]
[Round "20"]
[White "Zeng, Chongsheng"]
[Black "Harikrishna, P.."]
[Result "0-1"]
[WhiteElo "2535"]
[BlackElo "2729"]
[Annotator "TA"]
[PlyCount "60"]
[EventDate "2018.07.09"]
[EventType "team-tourn"]
[EventCountry "CHN"]
[SourceTitle "playchess.com"]
[Source "ChessBase"]
[SourceQuality "1"]

{[%evp 27,60,0,4,-4,-4,-4,-4,-4,-4,-4,-4,-4,-3,-10,-10,-9,-14,-216,-220,-268,-275,-274,-284,-350,-338,-348,-357,-356,-362,-383,-395,-438,-424,-429,-419]} 1. e4 e5 2. Nf3 Nc6 3. Bc4 Nf6 4. Ng5 d5 5. exd5 Na5 6. Bb5+ c6 7. dxc6 bxc6 8. Be2 h6 9. Nf3 e4 10. Ne5 Bd6 11. d4 exd3 12. Nxd3 O-O 13. O-O Qc7 14. h3 c5 15. b3 {C59: Two Knights: 4 Ng5 d5 5 exd5 Na5 5 Bb5+ c6 6 dxc6 bxc6 7 Be2} c4 16. bxc4 Nxc4 17. Nd2 {The position is equal.} Nxd2 18. Bxd2 Bf5 {[#]} 19. Bf3 $146 ({Predecessor:} 19. Ne1 Ne4 20. Bd3 Rac8 21. Nf3 Bc5 22. Be3 Rfd8 23. Qc1 Nc3 24. Qd2 Ne4 25. Qc1 Nc3 26. Qd2 Ne4 27. Qc1 Nc3 {½-½ (27) Liu,Q (2523)-Yu,Y (2723) Xinghua 2015}) 19... Rac8 20. Re1 Rfd8 $36 {[%mdl 2048] Black has good play.} 21. a4 Qxc2 22. Nb4 $2 (22. Qxc2 $11 {and White stays safe.} Rxc2 23. Ba5) 22... Qb2 $19 23. Nc6 {[#]} Rxc6 $1 {[%mdl 512]} 24. Bxc6 {[#] aiming for Qf3.} Bb4 $1 25. Qf3 Bxd2 26. Rf1 Qe5 {Hoping for ...Rd3.} 27. Ra3 Bc2 28. Bb5 Be4 29. Qe2 Bb4 30. Rd3 Bd6 {Accuracy: White = 42%, Black = 100%.} 0-1

[Event "Yingmei CHN-chT 2018"]
[Site "Guangdong"]
[Date "2018.11.28"]
[Round "20"]
[White "Liu, Qingnan"]
[Black "Xu, Xiangyu"]
[Result "1/2-1/2"]
[WhiteElo "2534"]
[BlackElo "2577"]
[Annotator "TA"]
[PlyCount "60"]
[EventDate "2018.07.09"]
[EventType "team-tourn"]
[EventCountry "CHN"]
[SourceTitle "playchess.com"]
[Source "ChessBase"]
[SourceQuality "1"]

{[%evp 18,60,28,25,31,27,30,25,38,7,20,10,8,0,0,0,0,0,6,-19,-16,-25,-18,-35,-17,-31,-35,-25,-27,-27,-24,-54,0,0,0,0,0,0,0,0,0,0,0,0,0]} 1. e4 e5 2. Nf3 Nf6 3. Nxe5 d6 4. Nf3 Nxe4 5. d4 d5 6. Bd3 Bd6 7. O-O O-O 8. c4 c6 9. Re1 Bf5 10. Qb3 Qd7 {C42: Petroff Defence: 3 Nxe5 and unusual White 3rd moves} 11. Nc3 Nxc3 12. Bxf5 Qxf5 {White has an edge.} 13. bxc3 {[#] c5 is the strong threat.} b6 14. cxd5 cxd5 15. Ba3 Bxa3 16. Qxa3 Nc6 {[#]} 17. Qd6 $146 ({Predecessor:} 17. h3 Qd7 18. Ne5 Nxe5 19. Rxe5 Rae8 20. Rae1 Re6 21. Rxe6 {½-½ (21) Svidler,P (2728)-Kramnik,V (2766) Wijk aan Zee 2007}) 17... Rac8 18. Ne5 Nxe5 19. Rxe5 Qc2 20. Qxd5 Qxc3 21. Rae1 Rcd8 22. Qxd8 Qxe1+ $1 23. Rxe1 {[#] Threatening mate with Re8.} Rxd8 $15 {[%mdl 4096] Endgame KR-KR} 24. Re7 g6 (24... a5 $15) 25. Rxa7 $11 {The position is equal.} Rxd4 {[%cal Rd4d1]} 26. g3 b5 27. Ra5 Rd2 28. Rxb5 Rxa2 29. h4 h5 30. Kg2 Kg7 {Accuracy: White = 57%, Black = 71%.} 1/2-1/2

[Event "Yingmei CHN-chT 2018"]
[Site "Guangdong"]
[Date "2018.11.28"]
[Round "20"]
[White "Liu, Qingnan"]
[Black "Xu, Xiangyu"]
[Result "*"]
[WhiteElo "2534"]
[BlackElo "2577"]
[Annotator "TA"]
[PlyCount "35"]
[EventDate "2018.07.09"]
[EventType "team-tourn"]
[EventCountry "CHN"]
[SourceTitle "playchess.com"]
[Source "ChessBase"]
[SourceQuality "1"]

{[%evp 18,19,31,22]} 1. e4 e5 2. Nf3 Nf6 3. Nxe5 d6 4. Nf3 Nxe4 5. d4 d5 6. Bd3 Bd6 7. O-O O-O 8. c4 c6 9. Re1 Bf5 10. Qb3 {LiveBook: 95 Games} {Predecessor:} Qd7 $146 11. Nc3 Nxc3 12. Bxf5 Qxf5 13. Qxb7 Qd7 14. Qxd7 Nxd7 15. c5 Bxh2+ 16. Nxh2 Ne4 17. f3 Ng3 18. Bf4 {½-½ (36) Vachier Lagrave,M (2789)-Caruana,F (2799) London 2017} *

[Event "Yingmei CHN-chT 2018"]
[Site "Guangdong"]
[Date "2018.11.28"]
[Round "20"]
[White "Xu, Yinglun"]
[Black "Wang, Yue"]
[Result "1/2-1/2"]
[WhiteElo "2533"]
[BlackElo "2681"]
[Annotator "TA"]
[PlyCount "53"]
[EventDate "2018.07.09"]
[EventType "team-tourn"]
[EventCountry "CHN"]
[SourceTitle "playchess.com"]
[Source "ChessBase"]
[SourceQuality "1"]

{[%evp 19,53,6,10,0,12,0,29,34,26,33,26,27,37,31,24,30,33,41,35,40,46,42,41,27,32,20,16,15,18,18,18,0,29,0,10,0]} 1. d4 Nf6 2. c4 e6 3. Nf3 d5 4. Nc3 a6 5. cxd5 exd5 6. Bg5 {D37: Queen's Gambit Declined: 5 Bf4} Be6 7. e3 Nbd7 8. Bd3 h6 9. Bh4 (9. Bf4 g5 10. Bg3 Nh5 11. Be5 Nhf6 12. Bg3 Nh5 13. Qb3 Nxg3 14. hxg3 {½-½ (48) Karjakin,S (2773)-Caruana,F (2822) Saint Louis 2018}) 9... Bd6 10. O-O c6 {LiveBook: 4 Games} 11. Qc2 Qb8 12. Bg3 O-O 13. Bxd6 Qxd6 {[#]} 14. h3 $146 c5 15. dxc5 Nxc5 16. Rad1 Rac8 17. Qb1 Nxd3 18. Qxd3 Qb6 19. Qb1 Rfe8 20. Rfe1 Rc4 21. Rd4 Rec8 22. Red1 Qc7 23. Qd3 Qb6 24. Qe2 Qc7 25. Qd3 Qb6 26. Qe2 Qc7 27. Qd3 {Accuracy: White = 43%, Black = 69%.} 1/2-1/2

[Event "Yingmei CHN-chT 2018"]
[Site "Guangdong"]
[Date "2018.11.28"]
[Round "20"]
[White "Ju, Wenjun"]
[Black "Tan, Zhongyi"]
[Result "1/2-1/2"]
[WhiteElo "2525"]
[BlackElo "2319"]
[Annotator "TA"]
[PlyCount "100"]
[EventDate "2018.07.09"]
[EventType "team-tourn"]
[EventCountry "CHN"]
[SourceTitle "playchess.com"]
[Source "ChessBase"]
[SourceQuality "1"]

{[%evp 21,100,37,33,6,37,25,37,37,27,16,35,36,27,38,32,18,73,70,67,52,54,54,92,89,108,100,130,37,118,34,34,34,50,34,82,70,91,73,95,68,72,37,53,51,43,44,42,14,80,80,95,90,74,53,40,8,14,0,0,0,0,0,4,0,0,0,8,0,0,0,0,0,0,0,0,0,0,0,0,0,0]} 1. d4 Nf6 2. c4 e6 3. Nc3 Bb4 4. Qc2 O-O 5. a3 Bxc3+ 6. Qxc3 d5 7. Nf3 dxc4 8. Qxc4 b6 9. Bg5 {E36: Nimzo-Indian: Classical: 4...d5 5 a3} (9. g3 Ba6 10. Qa4 Qc8 11. Bg2 c5 12. Bg5 Nbd7 13. Rc1 Qb7 14. O-O Nd5 15. Rfe1 b5 16. Qc2 Rac8 {0-1 (54) Bu,X (2712)-Duda,J (2737) Danzhou 2018}) 9... Ba6 10. Qa4 c5 11. dxc5 bxc5 {LiveBook: 109 Games} 12. h4 (12. Rd1 $5 {[%cal Rd1d8]} Qb6 13. Bxf6 gxf6 14. Qg4+ Kh8 15. Rd2 $14) 12... Bb7 13. Rd1 {[#]} Bc6 $146 ({Predecessor:} 13... Qe7 14. Ne5 h6 15. Qf4 {½-½ (39) Leitao,R (2629)-Mareco,S (2527) Santos 2010}) 14. Rxd8 Bxa4 15. Rxf8+ Kxf8 16. h5 Nbd7 17. Rh4 $36 {[%mdl 2048] White is pushing.} Bc6 18. h6 Rb8 (18... g6 $11 {remains equal.}) 19. hxg7+ $16 Kxg7 20. Bc1 Ne4 21. Nd2 f5 22. Nxe4 Bxe4 23. f3 Bc6 24. Rc4 (24. g4 $16) 24... Kg6 {[#]} ({Black should try} 24... h5 $14) 25. Rc3 (25. g4 $1 $16) 25... Rb6 26. Kf2 Bb7 27. Rc2 Rd6 28. Be3 Rc6 29. Ke1 a5 30. Rc4 Rb6 31. Bxc5 Rxb2 32. Bd4 Rb1+ 33. Kf2 Bd5 34. Ra4 Rd1 (34... Nb8 $11) 35. e3 e5 36. Bc3 Rc1 37. Rxa5 (37. Bd2 {is more complex.} Rc2 38. Ke1 e4 39. Rxa5 Be6 40. Be2) 37... Bxf3 38. Bxe5 (38. Ra6+ {keeps more tension.} Nf6 39. Bxe5 Bc6 40. Kg3 Ne4+ 41. Kh2) 38... Nxe5 {The position is equal.} 39. Rxe5 {[%mdl 4096] Endgame KRB-KRB} Be4 40. a4 Rc2+ 41. Kg3 Rc3 42. Kf4 {[#] And now g4 would win.} Rc2 {Strongly threatening ...Rf2+.} 43. Kg3 Rc3 44. Kf2 Rc2+ 45. Kg1 Kf6 46. Rb5 Ra2 47. a5 Ra1 48. Rb6+ Kg5 {Threatens to win with ...Bd3.} 49. Kf2 Rxa5 50. Rb2 h5 {Accuracy: White = 57%, Black = 45%.} 1/2-1/2

[Event "Yingmei CHN-chT 2018"]
[Site "Guangdong"]
[Date "2018.11.28"]
[Round "20"]
[White "Wan, Yunguo"]
[Black "Lan, Zilun"]
[Result "1-0"]
[WhiteElo "2523"]
[BlackElo "2346"]
[Annotator "TA"]
[PlyCount "51"]
[EventDate "2018.07.09"]
[EventType "team-tourn"]
[EventCountry "CHN"]
[SourceTitle "playchess.com"]
[Source "ChessBase"]
[SourceQuality "1"]

{[%evp 10,51,16,2,45,41,54,58,52,33,25,24,80,48,102,75,86,80,48,71,68,67,99,102,87,0,0,0,0,0,7,0,0,6,72,0,0,0,72,87,433,420,473,459]} 1. e4 c6 2. d4 d5 3. e5 c5 4. dxc5 Nc6 5. Nf3 Bg4 6. Bb5 e6 {B12: Caro-Kann: Advance Variation} 7. b4 a5 8. c3 Nge7 {White is slightly better.} (8... g6 9. Qa4 Qc7 10. Nd4 Nge7 11. Bf4 f6 12. Bd3 Qb8 13. b5 Nxe5 14. O-O {½-½ (52) Onischuk,V (2612)-Motylev,A (2653) Al Ain 2015}) 9. O-O Ng6 10. Re1 Be7 (10... Bxf3 $11 11. Qxf3 Be7) 11. Nbd2 $1 $16 O-O (11... Bh5 $14) 12. Bxc6 $146 ({Predecessor:} 12. h3 Bxf3 13. Nxf3 f6 14. exf6 Bxf6 15. Rxe6 axb4 {1-0 (74) Postnikov,A (2124)-Navrodsky,B (2327) St Petersburg 2018}) 12... bxc6 13. h3 $1 {[%cal Rh3g4]} Bxf3 14. Nxf3 f6 15. Nd4 Qc8 16. exf6 Bxf6 {[#]} 17. Nxe6 ({White should play} 17. b5 $1 $16) 17... Re8 $11 18. Nd4 {Strongly threatening Rxe8+.} axb4 19. Bb2 $36 {[%cal Bc1b2,Bb2c3,Bc3f6][%mdl 2080] Black is under pressure.} bxc3 20. Bxc3 Rxe1+ 21. Qxe1 Ra4 (21... Qe8 $1 $11) 22. Nb3 (22. Nf3 $16) 22... Re4 23. Qd2 Nf4 (23... Bxc3 $11 {remains equal.} 24. Qxc3 Nf4) 24. Bxf6 $16 Nxh3+ $2 {[%mdl 8192] [#]} (24... gxf6 $16 25. f3 Ra4) 25. Kh2 $1 $18 ({Inferior is} 25. gxh3 Qxh3 26. f4 Re3 $11) 25... Nf4 26. f3 {Accuracy: White = 67%, Black = 38%.} 1-0